000 00665 a2200181 4500
020 _a9781402048234
040 _aDLC
_bDLC
100 0 _aIsmail, Mohammed.
245 1 0 _aRadio design in nanometer technologies
_cMohammed Ismail and Delia Rodriguez De Llera Gonzalez.
246 3 _aRadio design in nanometer technologies [electronic resource]
260 _aDordrecht, The Netherland :
_bSpringer,
_cc2006.
300 _axxviii, 326 p. :
_bill. ;
_c25 cm.
500 _aIncludes bibliographical references and index.
650 0 _aRadio.
650 0 _aRadio
_xTransmitter-receivers.
700 1 _aGonzalez, Delia Rodriguez De Llera.
942 _cBK
_k621.38418 ISM
_2ddc
999 _c10005
_d10005